000 00265nam a22001217a 4500
008 181002b xxu||||| |||| 00| 0 eng d
041 _aeng
080 _a574
100 _a9
101 _aMJE
245 _aPrime farmland reclamation
_cDunker,R.E
942 _2udc
_cBK
999 _c48777
_d48777